Click the Correct Australian State by City - Statistics

General Stats
  • This quiz has been taken 109 times
  • The average score is 15 of 24
Answer Stats
Hint Answer % Correct
Sydney New South Wales
91%
Canberra Australian Capital Territory
87%
Darwin Northern Territory
86%
Perth Western Australia
86%
Adelaide South Australia
83%
Hobart Tasmania
83%
Brisbane Queensland
80%
Melbourne Victoria
80%
Alice Springs Northern Territory
72%
Cairns Queensland
72%
Sunshine Coast Queensland
70%
Newcastle New South Wales
69%
Wollongong New South Wales
67%
Geelong Victoria
57%
Broome Western Australia
54%
Kalgoorlie Western Australia
52%
Coffs Harbour New South Wales
51%
Launceston Tasmania
51%
Bendigo Victoria
44%
Ballarat Victoria
41%
Bundaberg Queensland
40%
Devonport Tasmania
40%
Port Lincoln South Australia
36%
Mount Gambier South Australia
31%
No matching quizzes found
Score Distribution
Percent of People with Each Score
Percentile by Number Answered
Your Score History
You have not taken this quiz